000 00483nam a2200229Ia 4500
003 IT-RoPAU
008 120407s9999 xx 000 0 und d
040 _aIT-RoPAU
040 _cIT-RoPAU
041 _aita
100 _aNazareno Fabbretti
245 _aAlberi amici miei.
250 _aCinisello Balsamo
260 _aEdizioni Paoline
260 _c1991
300 _a137 p.
300 _c22 cm
490 _aIl pozzo
490 _v15
942 _cBK
999 _c25448
_d25448